| 000 | 00505 a2200205 4500 | ||
|---|---|---|---|
| 005 | 20260407125951.0 | ||
| 008 | 260407b |||||||| |||| 00| 0 eng d | ||
| 020 |
_a9781032743530 _c£ 53.99 |
||
| 040 | _aMAIN | ||
| 082 |
_a576.5 _bB815I(2) |
||
| 100 | _aBrown, Terry | ||
| 245 | _aIntroduction to genetics: Molecular approach | ||
| 250 | _a2nd | ||
| 260 |
_bCRC Press _c2025 _aLondon |
||
| 300 | _axxiv, 524 | ||
| 650 | _aGenetic | ||
| 650 | _aLife Science | ||
| 650 | _aBiology | ||
| 942 | _cBK | ||
| 999 |
_c396766 _d396766 |
||